Clubs de football ( logo ) - Version difficile - Statistiques

Statistiques générales
  • Ce quiz a été pris 201 fois
  • Le résultat moyen est 5 sur 16
Statistiques - réponses
Par images Réponse % Correct
Dinamo Zagreb
84%
Boulogne
81%
Bolton
61%
Rosenborg
61%
Arouca
48%
Kayserispor
35%
Lanus
30%
Dinamo Minsk
28%
Al Fateh
24%
Silkeborg
17%
Zamalek
17%
Karlsruher
15%
Debrecen
11%
Cukaricki
10%
Botosani
8%
Krylya Sovetov
2%
Aucun quiz correspondant
Distribution des résultats
% des personnes avec chaque résultat
Percentile par nombre de réponses
Votre historique - résultats
Vous n’avez pas pris ce quiz